Normal view
MARC view
Entry Personal Name
001 - CONTROL NUMBER
- control field: 88139
003 - CONTROL NUMBER IDENTIFIER
- control field: OSt
005 - DATE AND TIME OF LATEST TRANSACTION
- control field: 20220918194943.0
008 - FIXED-LENGTH DATA ELEMENTS
- fixed length control field: 220918|| aca||aabn | a|a d
040 ## - CATALOGING SOURCE
- Original cataloging agency: OSt
- Transcribing agency: OSt
100 ## - HEADING--PERSONAL NAME
- Personal name: Koppitz Elizabeth Munsterberg
670 ## - SOURCE DATA FOUND
- Source citation: Work cat.: (OSt)206357: Koppitz Elizabeth Munsterberg, Psychological evaluation of children's human figure drawings, 1968
